000 00543nam a22001817a 4500
005 20170517123141.0
010 _aENG-118205
020 _a9789384275105
_c995.00
035 _aEN-101737
037 _bDBAD/PUB
082 _a954.5
100 _aDeori, Hemant
245 _a History and historiography of north east india/
_cby Hemant Deori
260 _aIndia
_bNE BOOKS AND PUBLISHERS
_c2017
270 _aNational Highway Silchar- 788005 Assam, India
300 _a333p.
_c24cm. (Hb)
942 _2ddc
_cEN
_h954.5
_mDEO
999 _c140013
_d140013